000 00314 a2200157 4500
001 58163
020 _a8526216015
040 _cAnchieta - Pituba
100 _aAssunção, Leilah
240 1 0 _aLua nua
_lpor
245 1 0 _aLua nua
300 _a54
362 0 _a1990
650 4 _aDrama brasileiro
942 _cBK
999 _c58163
_d58163